La stirpe di Adamo : romanzo /

Saved in:
Bibliografiske detaljer
Hovedforfatter: Hall, Radclyffe (Author)
Andre forfattere: Lami, Annie
Format: Bog
Sprog:italiensk
Udgivet: Milano : Dall'Oglio, stampa 1947
Serier:Scrittori di tutto il mondo ; 21
Tags: Tilføj Tag
Ingen Tags, Vær først til at tagge denne postø!

MARC

LEADER 00000nam a22000007i 4500
001 IT\ICCU\RMS\0095577
003 ItRI
005 20260115232338.0
008 001004s1947 it |||||| ||||| |||||c
040 |b ita  |c importazione bologna sebina 
041 7 |a ita  |2 ISO-639-2 
082 |a 823.912  |9 NARRATIVA INGLESE, 1900-1945  |2 21 
100 1 |a Hall, Radclyffe  |0 IT\ICCU\CFIV\001539  |4 aut 
240 1 0 |a Adamʼs breed  |3 IT\ICCU\SBL\0632257  |9 Hall, Radclyffe 
245 1 3 |a La stirpe di Adamo :  |b romanzo /  |c Radclyffe Hall ; traduzione dall'inglese di Annie Lami. 
260 |a Milano :  |b Dall'Oglio,  |c stampa 1947 
300 |a 364 p. ;  |c 20 cm. 
700 1 |a Lami, Annie  |0 IT\ICCU\CFIV\066890 
790 1 |a Hall, Marguerite Radclyffe  |3 IT\ICCU\CFIV\153676  |z Hall, Radclyffe 
790 1 |a Radclyffe Hall, Marguerite  |3 IT\ICCU\CFIV\165214  |z Hall, Radclyffe 
830 0 |a Scrittori di tutto il mondo ;  |v 21  |0 IT\ICCU\RAV\0081924 
942 |2 ddc  |c BK  |n 0 
952 |0 0  |1 0  |4 0  |6 L_823_912000000000000_HAL  |7 0  |9 24542  |a BO  |b BO  |d 2026-01-15  |i 1464  |l 0  |o L 823.912 HAL  |p BO1464  |r 2026-01-15 23:23:38  |w 2026-01-15  |x [Sebina 7] [1 v.]  |y BK  |z 1 v. 
999 |c 20885  |d 20885